|
|
|
|
| LEADER |
00000nam0a2200000 4500 |
| 001 |
303681 |
| 005 |
20231102001628.0 |
| 035 |
|
|
|a (RuTPU)RU\TPU\book\328908
|
| 090 |
|
|
|a 303681
|
| 100 |
|
|
|a 20150903d1969 km y0rusy50 ca
|
| 101 |
0 |
|
|a rus
|
| 102 |
|
|
|a RU
|
| 105 |
|
|
|a a z 001zy
|
| 200 |
1 |
|
|a Электронные узлы переносной низкочастотной измерительной аппаратуры
|f Л. Я. Мизюк [и др.]
|
| 210 |
|
|
|a Ленинград
|c Энергия
|d 1969
|
| 215 |
|
|
|a 143 с.
|c ил.
|
| 225 |
1 |
|
|a Библиотека по автоматике
|v Вып. 367
|
| 320 |
|
|
|a Библиогр.: с. 139-142.
|
| 606 |
1 |
|
|a Электроизмерительные приборы
|2 stltpush
|3 (RuTPU)RU\TPU\subj\19992
|9 45139
|
| 610 |
1 |
|
|a электронные узлы
|
| 610 |
1 |
|
|a измерительная аппаратура
|
| 610 |
1 |
|
|a переносные электроизмерительные приборы
|
| 610 |
1 |
|
|a усилители низкой частоты
|
| 610 |
1 |
|
|a избирательные цепи
|
| 610 |
1 |
|
|a преобразователи
|
| 610 |
1 |
|
|a детекторы
|
| 675 |
|
|
|a 621.317.7
|v 3
|
| 701 |
|
1 |
|a Мизюк
|b Л. Я.
|
| 701 |
|
1 |
|a Вишняков
|b А. Э.
|
| 701 |
|
1 |
|a Гольдгефтер
|b В. И.
|
| 701 |
|
1 |
|a Рыбин
|b В. К.
|
| 801 |
|
1 |
|a RU
|b 63413507
|c 20150903
|
| 801 |
|
2 |
|a RU
|b 63413507
|c 20160129
|g RCR
|
| 942 |
|
|
|c BK
|